Statystyki dla Państwa wysunięte najbardziej na południe

Kliknij tutaj aby rozwiązać quiz!

Ogólne statystyki

  • Ten quiz został rozwiązany 3,071 razy
  • Średni wynik to 13 z 20

Statystyki odpowiedzi

° S Kraj % poprawnych
54°47'Australia
98%
46°59'Południowa Afryka
97%
56°30'Chile
96%
55°04'Argentyna
96%
52°37'Nowa Zelandia
94%
33°45'Brazylia
82%
35°02'Urugwaj
75%
25°37'Madagaskar
70%
27°36'Paragwaj
67%
30°40'Lesotho
63%
22°54'Boliwia
59%
26°52'Mozambik
56%
22°25'Zimbabwe
54%
28°58'Namibia
52%
26°54'Botswana
49%
27°19'Eswatini
42%
21°02'Fidżi
41%
20°15'Vanuatu
32%
22°21'Tonga
27%
20°32'Mauritius
26%

Rozkład punktacji

Percentyl według liczby udzielonych odpowiedzi

Procent ludzi z każdym wynikiem

Twoja historia wyników

Nie rozwiązałeś tego quizu